| 000 | 00809nam a2200241Ia 4500 | ||
|---|---|---|---|
| 001 | 8619 | ||
| 003 | GE_BSU | ||
| 008 | 181216s||||||||xx |||||||||||||| ||und|| | ||
| 040 | _cGE_BSU | ||
| 080 | _a821.353.1-1 | ||
| 100 | _aერისთავი, რაფიელ | ||
| 245 | _aთხზულებანი: ლექსები | ||
| 245 | _bტ.1 | ||
| 245 | _cშალვა რადიანის რედ: წინასიტყვაობით და შენიშვნებით. | ||
| 260 | _aტფილისი. | ||
| 260 | _bსახელმწიფო გამ–ბა | ||
| 260 | _c1935 | ||
| 300 | _a385 გვ; 20 სმ | ||
| 300 | _b1 ფ. პორტრ. | ||
| 653 | _aთხზულებანი | ||
| 653 | _aლექსები | ||
| 942 | _cBK | ||
| 999 |
_c41935 _d41935 |
||